Sports Quiz

Random Sports or MLB Quiz

Mets Pitchers Since 2001 Quiz Stats

 Plays Quiz not verified by Sporcle

Challenge
Share
Tweet
Embed
Score 0/180 Timer 15:00
0 Plays Today
Position Player % Correct
SPJohan Santana
95.3%
SPPedro Martinez
94.5%
SPTom Glavine
92.2%
SPAl Leiter
92.2%
SPJon Niese
87.5%
RPFrancisco Rodriguez
86.7%
SPOliver Perez
85.2%
SPOrlando Hernandez
84.4%
RPBilly Wagner
84.4%
SPLivan Hernandez
84.4%
RPRoberto Hernandez
84.4%
SPMike Pelfrey
83.6%
SPR.A. Dickey
82.8%
SPSteve Trachsel
81.3%
RPArmando Benitez
81.3%
SPDillon Gee
80.5%
SPJohn Maine
78.9%
SPMatt Harvey
78.1%
SPZack Wheeler
76.8%
RPTom Martin
76.6%
RPBobby M. Jones
75.8%
RPPedro Feliciano
74.2%
RPJohn Franco
74.2%
RPBobby Parnell
73.4%
RPJoe Smith
72.7%
RPAaron Heilman
69.5%
RPDuaner Sanchez
68.8%
SPKris Benson
67.2%
RPBraden Looper
67.2%
SPRick Reed
66.4%
RPSteve Reed
66.4%
SPVictor Zambrano
65.6%
RPJason Isringhausen
64.1%
RPDan Wheeler
62.5%
RPJenrry Mejia
61.7%
RPMike Stanton
60.2%
SPChris Young
59.4%
RPDicky Gonzalez
52.3%
SPGeremi Gonzalez
52.3%
RPJeurys Familia
52.3%
SPDave Williams
51.6%
SPPedro Astacio
50.8%
SPChris Capuano
50.8%
RPTurk Wendell
50%
RPJon Rauch
48.4%
RPDennis Cook
48.4%
SPKevin Appier
47.7%
RPDave Weathers
46.9%
RPHisanori Takahashi
46.9%
RPSean Green
46.9%
RPGuillermo Mota
46.9%
RPChad Bradford
46.9%
RPFrank Francisco
46.9%
RPKen Takahashi
46.9%
RPDarren Oliver
46.1%
SPJeremy Hefner
45.3%
RPRamon Ramirez
45.3%
RPJ.J. Putz
45.3%
RPElvin Ramirez
45.3%
RPCarlos Torres
45.1%
Position Player % Correct
RPLaTroy Hawkins
43.9%
RPJorge Sosa
43.8%
SPDavid Cone
43.8%
SPGlendon Rusch
43%
SPJeff D'Amico
43%
SPNelson Figueroa
43%
SPKaz Ishii
41.4%
RPRick White
40.6%
RPGrant Roberts
39.8%
RPScott Strickland
39.8%
SPJae Weong Seo
38.3%
SPShawn Estes
38.3%
RPManny Acosta
37.5%
RPHeath Bell
37.5%
RPTim Byrdak
37.5%
RPPhilip Humber
37.5%
SPChan Ho Park
36.7%
SPAlay Soler
35.2%
RPKane Davis
35.2%
RPMiguel Batista
34.4%
SPJose Lima
34.4%
RPJosh Edgin
33.6%
RPScott Rice
31.7%
SPTim Redding
31.3%
RPClaudio Vargas
31.3%
SPJason Vargas
31.3%
RPScott Schoeneweis
30.5%
RPFernando Nieve
30.5%
SPMike Bacsik
30.5%
SPBrian Bannister
30.5%
RPLuis Ayala
30.5%
RPAaron Sele
29.7%
RPJorge Julio
29.7%
SPDaisuke Matsuzaka
29.3%
RPBrian Stokes
28.1%
SPBruce Chen
27.3%
SPShaun Marcum
26.8%
RPRobert Carson
26.6%
SPScott Erickson
25.8%
RPVic Black
25.6%
RPRyota Igarashi
25%
SPBrian Lawrence
25%
RPRaul Valdes
24.2%
RPElmer Dessens
23.4%
RPPedro Beato
23.4%
SPBrandon Knight
23.4%
RPDavid Aardsma
23.2%
RPGraeme Lloyd
22.7%
RPBartolome Fortunato
22.7%
RPEddie Kunz
22.7%
RPPat Misch
21.9%
RPDae-Sung Koo
21.9%
RPJason Anderson
21.9%
SPAaron Laffey
20.7%
SPMatt Ginter
20.3%
RPBlaine Boyer
20.3%
RPTyler Yates
19.5%
RPCollin McHugh
19.5%
RPDaniel Ray Herrera
19.5%
RPScott Atchison
19.5%
Position Player % Correct
RPD.J. Carrasco
18.8%
RPMike DeJean
18.8%
RPDarren O'Day
18.8%
RPGreg Burke
18.3%
RPRicky Bottalico
18%
SPJohn Thomson
18%
RPDanny Graves
18%
RPTyler Walker
17.2%
RPPete Walker
17.2%
SPAaron Harang
17.1%
SPChris Schwinden
16.4%
RPAmbiorix Burgos
16.4%
RPTony Armas Jr.
16.4%
RPGonzalez Germen
15.9%
RPBrandon Lyon
15.9%
RPJuan Padilla
15.6%
RPJason Middlebrook
14.8%
RPRoyce Ring
14.1%
RPHenry Owens
13.3%
RPJon Adkins
12.5%
RPLino Urdaneta
12.5%
RPCarlos Muniz
11.7%
RPMichael O'Connor
11.7%
RPWillie Collazo
11.7%
RPFelix Heredia
11.7%
RPJack Egbert
11.7%
RPGarrett Olson
11.7%
RPTaylor Buchholz
10.9%
RPCasey Fossum
10.9%
RPRicardo Rincon
10.9%
RPMark Guthrie
10.2%
RPJerrod Riggan
10.2%
RPOrber Moreno
10.2%
RPTobi Stoner
10.2%
RPMatt Wise
10.2%
RPC.J. Nitkowski
10.2%
RPSatoru Komiyama
8.6%
RPDonne Wall
8.6%
RPBrian Rose
8.6%
RPManny Aybar
7.8%
RPJosh Stinson
7.8%
SPJames Baldwin
7%
RPJon Switzer
7%
SPJeremy Griffiths
6.3%
RPPat Strange
6.3%
RPMark Corey
6.3%
SPJason Roach
6.3%
RPVic Darensbourg
6.3%
RPMike Matthews
6.3%
RPJamie Cerda
4.7%
RPShingo Takatsu
4.7%
RPJose Santiago
4.7%
RPLance Broadway
3.9%
RPJose Parra
3.9%
RPDale Thayer
3.9%
RPSean Henn
3.7%
RPEdwin Almonte
3.1%
RPTim Hamulack
3.1%
RPJustin Hampson
2.3%
SPBrett Hinchliffe
1.6%

You're not logged in!

Compare scores with friends on all Sporcle quizzes.
OR
Log In

You Might Also Like...

Show Comments

Extras

Top Quizzes Today


Score Distribution

Your Account Isn't Verified!

In order to create a playlist on Sporcle, you need to verify the email address you used during registration. Go to your Sporcle Settings to finish the process.

Report this User

Report this user for behavior that violates our Community Guidelines.

Details: